000
00289nam a22001337a 4500
003
SGT
082
_a
635.9
_b
HIB
100
_a
HIBBERD, SHIRLEY
245
_a
THE AMATEURS ROSE BOOK
260
_a
LONDON
_b
GROOMBRIGEG
_c
1874
300
_a
258
650
_a
FLORICULTURE
942
_2
ddc
_c
BK
999
_c
29042
_d
29042